Generation X: Toys - Statistics

General Stats
  • This quiz has been taken 54 times
  • The average score is 8 of 16
Answer Stats
Picture Answer % Correct
Twister
91%
Battleship
87%
Hot Wheels
87%
Operation
87%
Rubik's Cube
76%
Hungry Hungry Hippos
71%
Stretch Armstrong
58%
Big Wheel
56%
Lite-Brite
53%
Nerf
29%
Weebles
29%
Spirograph
27%
Baby Alive
22%
Toss Across
22%
Shrinky Dinks
20%
Perfection
18%
No matching quizzes found
Score Distribution
Percent of People with Each Score
Percentile by Number Answered
Your Score History
You have not taken this quiz